000 01365nam0a2200313 4500
001 RU\NLR\bibl\386195
005 20260406201318.0
010 _a5-86564-215-6
_9300
021 _aRU
_b2003-9419
_9433
035 _a(NLR Aleph) 000380551
090 _a452834
_c452834
100 _a20030407d2002 |||y0rusy50 ca
101 0 _arus
102 _aRU
105 _ay |||||||||
200 1 _aХудожественный язык эпохи
_eМежвуз. сб. науч. тр.
_fМ-во образования Рос. Федерации, Самар. гос. ун-т. Каф. рус. и зарубеж. лит.
_g[Отв. ред. проф. С.А. Голубков]
210 _aСамара
_cСамар. ун-т
_d2002
215 _a388 с.
_d21
320 _aБиблиогр. в подстроч. примеч.
606 0 _aРусская литература
_jСборники
_91032583
_3RU\NLR\auth\6678541
686 _aШ5(2=Р)я43
702 1 _aГолубков
_bС. А.
_gСергей Алексеевич
_4340
712 0 2 _4570
_aСамарский государственный университет
_bКафедра русской и зарубежной литературы
_9418288
_3RU\NLR\AUTH\889960988
801 0 _aRU
_bNLR
_c20030407
_gPSBO
801 1 _aRU
_bNLR
_c20030407
942 _cBOOK
980 _aNB
980 _aNBR